[Event "12. Lichtenberger Sommer"]
[Site "Berlin"]
[Date "2013.08.20"]
[Round "4.108"]
[White "Koerber, Bernhard"]
[Black "Pilgrim, Wilfried"]
[Result "1-0"]
[WhiteElo "1611"]
[BlackElo "1508"]
[PlyCount "117"]
[EventDate "2013.??.??"]
[WhiteTeam "SG Lasker Steglitz-Wilmersdorf"]
[BlackTeam "SC Kreuzberg e.V."]

1. e4 c5 2. Nc3 e6 3. g3 Nc6 4. Bg2 Nf6 5. d3 Be7 6. Nge2 d5 7. exd5 exd5 8.
O-O Bg4 9. Re1 O-O 10. Bf4 a6 11. Qd2 Be6 12. Bg5 b5 13. Nf4 b4 14. Ncxd5 Nxd5
15. Nxe6 fxe6 16. Bxe7 Ncxe7 17. Rxe6 Rb8 18. Rae1 Nf5 19. Rxa6 Nd4 20. Re5
Nf3+ 21. Bxf3 Rxf3 22. Rae6 Rf8 23. Qg5 Nf6 24. Qh4 Rb6 25. Rxb6 Qxb6 26. Qc4+
Kh8 27. Qxc5 Qxc5 28. Rxc5 h6 29. Rc4 Nd5 30. Rd4 Ra8 31. Rxd5 Rxa2 32. c4 Rxb2
33. d4 b3 34. Rb5 Rb1+ 35. Kg2 b2 36. Rb4 Kg8 37. f4 Kf7 38. g4 Rc1 39. Rxb2
Rxc4 40. Rd2 Ke6 41. Kf3 Kd5 42. f5 Rc1 43. Kg2 Rc6 44. h4 g6 45. fxg6 Rxg6 46.
Kg3 Re6 47. g5 h5 48. Kf4 Re4+ 49. Kf5 Rxh4 50. g6 Rg4 51. Kf6 Rf4+ 52. Kg7 h4
53. Rh2 Kxd4 54. Kh7 Ke5 55. g7 Rf7 56. Rxh4 Kf5 57. Kh8 Rxg7 58. Kxg7 Kg5 59.
Ra4 1-0

[Event "12. Lichtenberger Sommer"]
[Site "Berlin"]
[Date "2013.08.20"]
[Round "4.109"]
[White "Stemmler, Frank"]
[Black "Winkler, Johannes"]
[Result "1-0"]
[WhiteElo "1377"]
[BlackElo "1560"]
[PlyCount "101"]
[EventDate "2013.??.??"]
[WhiteTeam "SG Eckturm"]
[BlackTeam "Sfrd. Berlin 1903 e.V."]

1. e4 c5 2. Nc3 Nc6 3. Bc4 Nf6 4. d3 g6 5. Nf3 d6 6. h3 Bg7 7. Bg5 Na5 8. Bb5+
Bd7 9. Bxd7+ Qxd7 10. O-O Nc6 11. Re1 e5 12. Nd5 Nxd5 13. exd5 Ne7 14. c4 O-O
15. Nh2 h6 16. Bd2 Nf5 17. Qc1 h5 18. Rb1 Qa4 19. a3 Qb3 20. Qc3 Qa4 21. b3 Qd7
22. b4 e4 23. Qc1 exd3 24. bxc5 Nd4 25. Qd1 dxc5 26. Kh1 Nc2 27. Re4 Nxa3 28.
Rb3 Nxc4 29. Rxc4 Qxd5 30. Qc1 Rfe8 31. Nf1 Rad8 32. Ne3 Qd7 33. Rxc5 Rc8 34.
Rxc8 Rxc8 35. Qb1 Rd8 36. Rxb7 Qd4 37. Qa2 Qf6 38. Kg1 a6 39. Qa5 Rc8 40. Rb6
Qd4 41. Qxa6 Rc2 42. Rd6 Qb2 43. Nxc2 dxc2 44. Qc8+ Kh7 45. Rc6 Qa1+ 46. Kh2
Be5+ 47. g3 Qf1 48. Be3 Bxg3+ 49. Kxg3 Qg1+ 50. Kh4 f6 51. Rc7# 1-0

[Event "12. Lichtenberger Sommer"]
[Site "Berlin"]
[Date "2013.08.20"]
[Round "4.110"]
[White "Dathe, Frederick"]
[Black "Stark, Steven"]
[Result "0-1"]
[WhiteElo "1458"]
[BlackElo "1529"]
[PlyCount "144"]
[EventDate "2013.??.??"]
[WhiteTeam "Schachunion Berlin e.V."]
[BlackTeam "BSC Rehberge 1945 e.V."]

1. d4 d5 2. c4 Nf6 3. Nc3 e6 4. Bg5 Be7 5. Nf3 h6 6. Bh4 c6 7. e3 Nbd7 8. cxd5
Nxd5 9. Nxd5 Bxh4 10. Nxh4 cxd5 11. Nf3 Qb6 12. Qd2 Nf6 13. Bd3 O-O 14. O-O Bd7
15. Rfd1 Bb5 16. Bc2 Qa6 17. Bd3 Bxd3 18. Qxd3 Qxd3 19. Rxd3 Rfc8 20. Rd2 Rc7
21. Rb1 Rac8 22. Rdd1 Ne4 23. Ne1 Nd6 24. Nd3 b6 25. Rbc1 Rc2 26. Rxc2 Rxc2 27.
Kf1 Nc4 28. b3 Nd2+ 29. Ke1 Ne4 30. f3 Ng5 31. Rd2 Rc7 32. Kd1 Rc3 33. Ke2 g6
34. Ne1 Rc7 35. Rc2 Rb7 36. Rc8+ Kg7 37. Nd3 a5 38. Kd2 h5 39. h4 Nh7 40. f4
Nf6 41. Nf2 b5 42. a3 Nd7 43. Nd3 a4 44. Rc3 Nf6 45. Nc5 b4 46. Nxb7 Ne4+ 47.
Kc2 bxc3 48. bxa4 Kf8 49. Nc5 Nd6 50. Kxc3 Nc4 51. e4 Ke7 52. Kb3 Kd6 53. e5+
Kc6 54. a5 Ne3 55. a6 Kb6 56. a4 Nxg2 57. a5+ Ka7 58. Nd3 Nxh4 59. Ka4 Nf3 60.
Nf2 h4 61. Nh3 Nd2 62. Kb4 Kxa6 63. Kc3 Nc4 64. Kd3 Nxa5 65. Ke3 Nc6 66. Ng5
Nd8 67. Kf3 Nc6 68. Ke3 Nd8 69. Kf3 Kb5 70. Kg4 Kc4 71. Nf3 Nc6 72. Kxh4 Nxd4
0-1

[Event "12. Lichtenberger Sommer"]
[Site "Berlin"]
[Date "2013.08.20"]
[Round "4.111"]
[White "Baumgaertner, Andre"]
[Black "Paris, Gerhard"]
[Result "1-0"]
[WhiteElo "1348"]
[BlackElo "1587"]
[PlyCount "165"]
[EventDate "2013.??.??"]
[WhiteTeam "SC Friesen Lichtenberg e.V."]
[BlackTeam "TSG Oberschöneweide e.V."]

1. d4 Nf6 2. c4 g6 3. Nc3 Bg7 4. Nf3 d6 5. e3 O-O 6. Be2 c5 7. d5 Na6 8. O-O
Nc7 9. e4 a6 10. Bg5 Bd7 11. a4 Rb8 12. Qc2 a5 13. Rab1 Na6 14. Na2 Ne8 15. Bd2
b6 16. b3 Nf6 17. Bc3 Nh5 18. Bxg7 Nxg7 19. Nd2 f5 20. f4 e5 21. fxe5 dxe5 22.
Bd3 f4 23. Nf3 Qf6 24. Qf2 g5 25. h3 Nh5 26. Nh2 Ng3 27. Rfe1 h5 28. Nf1 h4 29.
Nh2 Rf7 30. Bc2 Rg7 31. Bd1 Rf8 32. Bf3 Be8 33. Ng4 Qe7 34. Qb2 Bh5 35. Nh6+
Kh7 36. Nf5 Nxf5 37. Bxh5 Nd4 38. Bf3 Rf6 39. Rf1 Rh6 40. Bg4 Nc7 41. Nc3 Ne8
42. Nb5 Nxb5 43. axb5 Nf6 44. Bf5+ Kh8 45. Rbd1 Qd6 46. Qe2 Nh5 47. Qc2 Rf7 48.
Bg4 Ng3 49. Rf3 Ra7 50. Ra1 Kg7 51. Rf2 Rh8 52. Qd3 Rha8 53. Rfa2 Kh6 54. Kf2
Kg7 55. Kf3 Kf8 56. Qc3 Ke7 57. Qd2 Qg6 58. d6+ Qxd6 59. Qxd6+ Kxd6 60. Rd2+
Ke7 61. Rd5 a4 62. Rxe5+ Kf8 63. bxa4 Rxa4 64. Rxa4 Rxa4 65. Be6 Ra3+ 66. Kg4
Re3 67. Kxg5 Rxe4 68. Rxe4 Nxe4+ 69. Kxf4 Ke7 70. Bd5 Nc3 71. Ba8 Nd1 72. Ke4
Kd6 73. Kf3 Ke5 74. g4 hxg3 75. Kxg3 Ne3 76. Bd5 Nxd5 77. cxd5 c4 78. Kf3 Kxd5
79. Ke3 Kc5 80. h4 Kb4 81. Kd2 Kc5 82. h5 Kd6 83. h6 1-0

[Event "12. Lichtenberger Sommer"]
[Site "Berlin"]
[Date "2013.08.20"]
[Round "4.112"]
[White "Lehmann, Tornalf"]
[Black "Kammler, Hans-Joachim"]
[Result "1-0"]
[WhiteElo "1680"]
[BlackElo "1487"]
[PlyCount "61"]
[EventDate "2013.??.??"]
[WhiteTeam "SC Heilsbronn 1951 e.V."]
[BlackTeam "vereinslos"]

1. e4 e6 2. d4 d5 3. Nc3 Nf6 4. Bg5 Be7 5. e5 Nfd7 6. h4 c5 7. Bxe7 Qxe7 8. f4
a6 9. dxc5 Qxc5 10. Bd3 b5 11. a3 Qe3+ 12. Nge2 f6 13. Rh3 Qb6 14. exf6 Nxf6
15. Qd2 Ng4 16. Rf3 Nc6 17. O-O-O d4 18. Ne4 O-O 19. Rh1 Bd7 20. Rff1 a5 21.
Ng5 b4 22. a4 b3 23. Bxh7+ Kh8 24. Qd3 Rf6 25. Be4 Nb4 26. Qxb3 Rc8 27. Kb1 Ne3
28. Rfg1 Nc4 29. Nf3 Rxf4 30. Nxf4 Nd2+ 31. Nxd2 1-0

[Event "12. Lichtenberger Sommer"]
[Site "Berlin"]
[Date "2013.08.20"]
[Round "4.113"]
[White "Stiemerling, Karl-Heinz"]
[Black "Toth, Hans-Jürgen"]
[Result "1-0"]
[WhiteElo "1609"]
[BlackElo "1641"]
[PlyCount "168"]
[EventDate "2013.??.??"]
[WhiteTeam "SG Eckturm"]
[BlackTeam "Schachfreunde Zehdenick 76 e.V."]

1. d4 f5 2. c4 Nf6 3. Nc3 e6 4. Nf3 Bb4 5. Bd2 c6 6. Qb3 a5 7. a3 Bxc3 8. bxc3
O-O 9. c5 Na6 10. Bg5 h6 11. Bf4 Ne4 12. h3 Nc7 13. c4 Ne8 14. Nd2 N8f6 15. Nf3
g5 16. Bd6 Nxd6 17. cxd6 Ne4 18. c5 a4 19. Qb2 Qa5+ 20. Qb4 Qxb4+ 21. axb4 a3
22. Nd2 Nc3 23. e3 Ra4 24. Bc4 Nd5 25. Bxd5 exd5 26. O-O f4 27. e4 dxe4 28.
Nxe4 Rxb4 29. Rfd1 Rb3 30. f3 Rf5 31. Rdb1 Rd3 32. Rb4 Kf7 33. Ra4 Ke6 34.
R1xa3 Rxa3 35. Rxa3 Kd5 36. Ra8 Rf8 37. Ra4 Ke6 38. Kf2 Kf5 39. g4+ fxg3+ 40.
Nxg3+ Ke6 41. Ke3 Kd5 42. Nh5 Ke6 43. f4 Kf5 44. Ng3+ Kg6 45. fxg5 Kxg5 46. Ke4
h5 47. Ne2 Kh4 48. Nf4 Kg5 49. h4+ Kg4 50. Ng6 Re8+ 51. Ne5+ Kxh4 52. Kf5 Rf8+
53. Ke4 Kg3 54. Ra3+ Kg2 55. Ng6 Re8+ 56. Kf5 Kf2 57. Ne5 h4 58. Kg4 Rg8+ 59.
Kxh4 Ke2 60. Ng4 Kd2 61. Kg3 Kc2 62. Kf3 Kb2 63. Re3 b5 64. Ne5 Rh8 65. Nd3+
Kc3 66. Ke4 Kd2 67. Rf3 Re8+ 68. Ne5 Kc2 69. Rf4 Kb3 70. Kd3 b4 71. Rf2 Ka4 72.
Kc2 Rd8 73. Kb2 Ba6 74. Rf7 Bc8 75. Nc4 Kb5 76. Nb6 Ka6 77. Nxc8 Rxc8 78. Rxd7
Kb5 79. Kb3 Rb8 80. Ra7 Re8 81. Rb7+ Ka6 82. Rb6+ Ka7 83. Kxb4 Rb8 84. d7 Rd8
1-0

[Event "12. Lichtenberger Sommer"]
[Site "Berlin"]
[Date "2013.08.21"]
[Round "5.1"]
[White "Von Herman, Ulf"]
[Black "Kalinitschew, Sergey"]
[Result "1/2-1/2"]
[WhiteElo "2392"]
[BlackElo "2442"]
[PlyCount "22"]
[EventDate "2013.??.??"]
[WhiteTeam "SK König Tegel 1949 e.V."]
[BlackTeam "SC Kreuzberg e.V."]

1. d4 Nf6 2. c4 e6 3. Nf3 d5 4. Nc3 Bb4 5. cxd5 exd5 6. Bg5 h6 7. Bxf6 Qxf6 8.
e3 c6 9. Qc2 Bf5 10. Bd3 Bxd3 11. Qxd3 Nd7 1/2-1/2

[Event "12. Lichtenberger Sommer"]
[Site "Berlin"]
[Date "2013.08.21"]
[Round "5.2"]
[White "Reichenbach, Werner"]
[Black "Rabiega, Robert"]
[Result "0-1"]
[WhiteElo "2279"]
[BlackElo "2506"]
[PlyCount "62"]
[EventDate "2013.??.??"]
[WhiteTeam "Schachclub Oberkrämer"]
[BlackTeam "SK König Tegel 1949 e.V."]

1. c4 e5 2. Nc3 Nf6 3. Nf3 Nc6 4. g3 d5 5. cxd5 Nxd5 6. Bg2 Nb6 7. d3 Be7 8.
O-O O-O 9. a3 Be6 10. Be3 f6 11. Rc1 Nd4 12. Bxd4 exd4 13. Ne4 c6 14. e3 dxe3
15. fxe3 Nd5 16. Qd2 Qb6 17. d4 Rad8 18. Nc5 Bxc5 19. Rxc5 Rfe8 20. Re1 Bf5 21.
b4 Be4 22. Qf2 Re7 23. Nd2 Bxg2 24. Kxg2 Qa6 25. e4 Nc7 26. Qe3 Nb5 27. d5 Qxa3
28. Qxa3 Nxa3 29. Nf3 cxd5 30. exd5 Rxe1 31. Nxe1 b6 0-1

[Event "12. Lichtenberger Sommer"]
[Site "Berlin"]
[Date "2013.08.21"]
[Round "5.6"]
[White "Petersen, Soren Boeck"]
[Black "Lerch, Philipp"]
[Result "1/2-1/2"]
[WhiteElo "2247"]
[BlackElo "2152"]
[PlyCount "31"]
[EventDate "2013.??.??"]
[WhiteTeam "Damhus Skakklub"]
[BlackTeam "SK König Tegel 1949 e.V."]

1. e4 c5 2. c3 d5 3. exd5 Qxd5 4. d4 Nf6 5. Nf3 Bg4 6. Nbd2 e6 7. Bc4 Qd7 8.
Qb3 Nc6 9. Ne5 Qc7 10. Nxg4 Nxg4 11. h3 Nf6 12. Nf3 cxd4 13. Nxd4 Nxd4 14. cxd4
a6 15. O-O Be7 16. Be2 1/2-1/2

[Event "12. Lichtenberger Sommer"]
[Site "Berlin"]
[Date "2013.08.21"]
[Round "5.7"]
[White "Sawlin, Leonid"]
[Black "Moritz, Aron"]
[Result "1-0"]
[WhiteElo "2021"]
[BlackElo "2193"]
[PlyCount "55"]
[EventDate "2013.??.??"]
[WhiteTeam "TuS Makkabi Berlin e.V."]
[BlackTeam "Sfrd. Berlin 1903 e.V."]

1. e4 g6 2. d4 Bg7 3. f4 d6 4. Nf3 Nf6 5. Bd3 O-O 6. O-O Na6 7. Qe1 c5 8. c3
cxd4 9. cxd4 e5 10. Bxa6 bxa6 11. fxe5 dxe5 12. d5 Ne8 13. b3 f5 14. Ba3 Nd6
15. Nbd2 Re8 16. Rc1 fxe4 17. Nxe4 Nxe4 18. Qxe4 Bf5 19. Qc4 Rc8 20. Bc5 Bf8
21. d6+ Be6 22. Qxa6 Bd5 23. Qd3 Bxf3 24. Qxf3 Qd7 25. Qd5+ Qe6 26. Qxe6+ Rxe6
27. d7 Rd8 28. Rxf8+ 1-0

[Event "12. Lichtenberger Sommer"]
[Site "Berlin"]
[Date "2013.08.21"]
[Round "5.8"]
[White "Vogel, Robert"]
[Black "Rehberg, Raphael"]
[Result "0-1"]
[WhiteElo "2256"]
[BlackElo "2151"]
[PlyCount "86"]
[EventDate "2013.??.??"]
[WhiteTeam "SG Pang-Rosenheim 1910 e.V."]
[BlackTeam "SG Lok Brandenburg, Abt. Schach"]

1. d4 d5 2. c4 e6 3. Nf3 c6 4. Nc3 dxc4 5. a4 Bb4 6. e3 b5 7. Bd2 a5 8. axb5
Bxc3 9. Bxc3 cxb5 10. b3 Bb7 11. bxc4 b4 12. Bb2 Nf6 13. Bd3 Nbd7 14. Qc2 Qc7
15. O-O O-O 16. e4 e5 17. c5 Rfe8 18. Rfc1 Rec8 19. dxe5 Ng4 20. e6 fxe6 21.
Qb3 Nf8 22. h3 Nf6 23. Be5 Qd7 24. Qb1 Ng6 25. Bd6 Ne8 26. e5 Nxd6 27. exd6
Bxf3 28. Bxg6 hxg6 29. gxf3 Kh7 30. Rc4 Qd8 31. Qd3 Rc6 32. Kh1 Qf6 33. Rg1 Qf5
34. Rh4+ Kg8 35. Qe3 Rxc5 36. Rg5 Rc3 37. Rxf5 Rxe3 38. Rb5 Rd3 39. Rg4 Rxd6
40. Rxg6 Ra7 41. Kg2 Kh7 42. Rgg5 Rdd7 43. Rbc5 Rdb7 0-1

[Event "12. Lichtenberger Sommer"]
[Site "Berlin"]
[Date "2013.08.21"]
[Round "5.9"]
[White "Friedrich, Wiede"]
[Black "Kropman, Alexei"]
[Result "1/2-1/2"]
[WhiteElo "2253"]
[BlackElo "2085"]
[PlyCount "37"]
[EventDate "2013.??.??"]
[WhiteTeam "USV Potsdam e.V., Abt. Schach"]
[BlackTeam "SK König Tegel 1949 e.V."]

1. e4 e5 2. Nf3 Nc6 3. Bc4 Bc5 4. b4 Bxb4 5. c3 Be7 6. d4 Na5 7. Be2 exd4 8.
Qxd4 d6 9. Qxg7 Bf6 10. Qg3 Qe7 11. O-O Qxe4 12. Re1 Kf8 13. Ng5 Qg6 14. Na3 a6
15. Bf4 Ne7 16. h4 h6 17. h5 Qg7 18. Ne4 Qxg3 19. fxg3 1/2-1/2

[Event "12. Lichtenberger Sommer"]
[Site "Berlin"]
[Date "2013.08.21"]
[Round "5.10"]
[White "Meister, Jakob"]
[Black "Albrecht, Rainer"]
[Result "1-0"]
[WhiteElo "2517"]
[BlackElo "2112"]
[PlyCount "89"]
[EventDate "2013.??.??"]
[WhiteTeam "SK Zehlendorf e.V."]
[BlackTeam "SC Kreuzberg e.V."]

1. e4 e6 2. d4 d5 3. Nc3 Nf6 4. Bg5 Be7 5. e5 Ne4 6. Bxe7 Qxe7 7. Nxe4 dxe4 8.
c3 O-O 9. Qc2 f5 10. exf6 Qxf6 11. Bc4 b5 12. Bxb5 Qg5 13. Bf1 Qf5 14. O-O-O
Nd7 15. Nh3 c5 16. f3 exf3 17. Qxf5 Rxf5 18. gxf3 Bb7 19. Bc4 Nf8 20. Rhf1 Rc8
21. Ng1 cxd4 22. Rxd4 Rxc4 23. Rxc4 Ba6 24. b3 Bxc4 25. bxc4 Rc5 26. Ne2 Rxc4
27. Kc2 Rh4 28. Rf2 Kf7 29. Nd4 Nd7 30. f4 g6 31. c4 Rh5 32. Kc3 Nc5 33. Rc2
Rh3+ 34. Kb4 Nd3+ 35. Kb5 Nxf4 36. Nc6 Ra3 37. Rf2 g5 38. c5 Ke8 39. Rd2 Nd5
40. Nb4 Nxb4 41. Kxb4 Rf3 42. c6 Rf7 43. Kc5 Rc7 44. Kd6 Kd8 45. Rf2 1-0

[Event "12. Lichtenberger Sommer"]
[Site "Berlin"]
[Date "2013.08.21"]
[Round "5.11"]
[White "Giemsa, Stephan"]
[Black "Püschel, Werner"]
[Result "1-0"]
[WhiteElo "2312"]
[BlackElo "2106"]
[PlyCount "63"]
[EventDate "2013.??.??"]
[WhiteTeam "SK König Tegel 1949 e.V."]
[BlackTeam "SG Lasker Steglitz-Wilmersdorf"]

1. d4 Nf6 2. c4 c5 3. d5 e6 4. Nc3 exd5 5. cxd5 d6 6. e4 g6 7. h3 Bg7 8. Bd3
O-O 9. Bg5 a6 10. a4 Qc7 11. Nf3 Nbd7 12. O-O Re8 13. Re1 Ne5 14. Nxe5 Rxe5 15.
Bf4 Re8 16. Rc1 Nh5 17. Be3 Bd7 18. b4 c4 19. Be2 Nf6 20. Bd4 b5 21. Bf3 Rac8
22. axb5 axb5 23. Ra1 Ra8 24. Rxa8 Rxa8 25. e5 Ne8 26. e6 fxe6 27. dxe6 Bc6 28.
Bxg7 Kxg7 29. Qd4+ Kg8 30. Nxb5 Qb7 31. Bxc6 Qxc6 32. Qf4 1-0

[Event "12. Lichtenberger Sommer"]
[Site "Berlin"]
[Date "2013.08.21"]
[Round "5.13"]
[White "Burger, Heinrich"]
[Black "Sieglen, Joachim"]
[Result "1/2-1/2"]
[WhiteElo "2120"]
[BlackElo "2270"]
[PlyCount "89"]
[EventDate "2013.??.??"]
[WhiteTeam "VfB Hermsdorf e.V."]
[BlackTeam "SC Untergrombach 46"]

1. Nf3 Nf6 2. g3 d5 3. Bg2 e6 4. O-O Be7 5. d4 O-O 6. c4 dxc4 7. Qc2 a6 8. a4
Nc6 9. Qxc4 Nb4 10. Nc3 a5 11. Rd1 c6 12. Ne5 Kh8 13. Bg5 Nfd5 14. Bxe7 Nxe7
15. Rac1 f6 16. Nf3 Qe8 17. Ne4 Ned5 18. Nd6 Qd8 19. Nxc8 Qxc8 20. Bh3 Qe8 21.
Qc5 f5 22. Qd6 Rf6 23. Qe5 c5 24. b3 Nc6 25. Qd6 b6 26. Ne5 Nxd4 27. Rxd4 cxd4
28. Bg2 Rd8 29. Qc6 Nc3 30. Qf3 Rc8 31. Re1 Qe7 32. Qd3 Qb4 33. Kf1 Ne4 34.
Bxe4 fxe4 35. Qxe4 Rff8 36. Rd1 Qxb3 37. Rxd4 Kg8 38. Rd7 Qb4 39. Qb7 Kh8 40.
Rxg7 Qb1+ 41. Kg2 Rb8 42. Qc7 Rbc8 43. Qb7 Rb8 44. Qc7 Rbc8 45. Qb7 1/2-1/2

[Event "12. Lichtenberger Sommer"]
[Site "Berlin"]
[Date "2013.08.21"]
[Round "5.14"]
[White "Lorenz, Sascha"]
[Black "Nötzel, Felix"]
[Result "1-0"]
[WhiteElo "2283"]
[BlackElo "2076"]
[PlyCount "65"]
[EventDate "2013.??.??"]
[WhiteTeam "SK König Tegel 1949 e.V."]
[BlackTeam "Sfrd. Berlin 1903 e.V."]

1. d4 d5 2. c4 e6 3. Nc3 c6 4. e4 dxe4 5. Nxe4 Bb4+ 6. Bd2 Qxd4 7. Bxb4 Qxe4+
8. Be2 Na6 9. Ba5 f6 10. Nf3 Kf7 11. O-O Qf4 12. Re1 Ne7 13. Bd3 Nc5 14. g3 Qb8
15. Bc2 b6 16. Bc3 Ng6 17. h4 Re8 18. h5 Nf8 19. h6 e5 20. b4 Ncd7 21. hxg7
Kxg7 22. Nh4 Ng6 23. Nf5+ Kg8 24. Nd6 Rd8 25. Ne4 Qc7 26. Qh5 c5 27. Rad1 Bb7
28. Rxd7 Rxd7 29. Nxf6+ Kf8 30. Nxd7+ Qxd7 31. Bxg6 hxg6 32. Qh8+ Kf7 33. Qxe5
1-0

[Event "12. Lichtenberger Sommer"]
[Site "Berlin"]
[Date "2013.08.21"]
[Round "5.15"]
[White "Godoj, Veit"]
[Black "Rietze, Clemens"]
[Result "0-1"]
[WhiteElo "2045"]
[BlackElo "2273"]
[PlyCount "130"]
[EventDate "2013.??.??"]
[WhiteTeam "SV Königsjäger Süd-West e.V."]
[BlackTeam "USV Potsdam e.V., Abt. Schach"]

1. d4 Nf6 2. Nf3 g6 3. Nc3 d5 4. Bf4 Bg7 5. e3 Nh5 6. Bg5 h6 7. Bh4 g5 8. Ne5
Nf6 9. Bg3 c5 10. Be2 Nc6 11. Nb5 Kf8 12. O-O a6 13. Nc3 cxd4 14. exd4 Qb6 15.
Nxc6 bxc6 16. Na4 Qa5 17. Nc5 Nd7 18. Nxd7+ Bxd7 19. c3 Bf6 20. b4 Qd8 21. f4
Kg7 22. Bd3 a5 23. a3 Ra7 24. fxg5 hxg5 25. Qf3 Be6 26. Rae1 axb4 27. axb4 Ra3
28. Rc1 Rxc3 29. Be5 Bxe5 30. dxe5 Qb6+ 31. Kh1 Qxb4 32. Rxc3 Qxc3 33. Qe3 Rh5
34. g4 Bxg4 35. Rxf7+ Kxf7 36. Bg6+ Kxg6 37. Qxc3 Bd7 38. Qc2+ Kg7 39. Qc5 Kf7
40. Qf2+ Ke8 41. Qe3 Bf5 42. Kg1 Rh4 43. Qb6 Rc4 44. Kf2 Kf7 45. Qd8 Rc2+ 46.
Kg3 Be4 47. Qb8 Rg2+ 48. Kh3 g4+ 49. Kh4 Rxh2+ 50. Kxg4 Rg2+ 51. Kf4 c5 52. Qc7
Rf2+ 53. Ke3 Rf3+ 54. Kd2 c4 55. Qc8 c3+ 56. Ke2 c2 57. e6+ Kg7 58. Qb8 c1=R
59. Qe5+ Kg6 60. Qb8 Rc2+ 61. Ke1 Rh3 62. Qg8+ Kh5 63. Qh8+ Kg4 64. Qg7+ Kf4
65. Qf7+ Ke5 0-1

[Event "12. Lichtenberger Sommer"]
[Site "Berlin"]
[Date "2013.08.21"]
[Round "5.16"]
[White "Schildt, Rene"]
[Black "Kohler, Thomas"]
[Result "1/2-1/2"]
[WhiteElo "2053"]
[BlackElo "2263"]
[PlyCount "37"]
[EventDate "2013.??.??"]
[WhiteTeam "SC Zugzwang 95 e.V."]
[BlackTeam "SC Zitadelle Spandau 1977 e.V."]

1. Nf3 Nf6 2. g3 g6 3. Bg2 Bg7 4. O-O O-O 5. d3 d5 6. Nbd2 d4 7. Nb3 Nc6 8. Bd2
e5 9. c3 dxc3 10. Bxc3 Nd5 11. Bd2 b6 12. Qc1 Bb7 13. Bh6 Re8 14. Bxg7 Kxg7 15.
Qd2 Qd7 16. Ng5 Rad8 17. Rad1 Qe7 18. a3 Nd4 19. Nc1 1/2-1/2

[Event "12. Lichtenberger Sommer"]
[Site "Berlin"]
[Date "2013.08.21"]
[Round "5.17"]
[White "Schneider, Christian"]
[Black "Strobel, Norbert"]
[Result "1-0"]
[WhiteElo "2221"]
[BlackElo "2048"]
[PlyCount "43"]
[EventDate "2013.??.??"]
[WhiteTeam "SG Blau-Weiß Stadtilm"]
[BlackTeam "SV Koblenz 03/25"]

1. e4 c6 2. Nc3 d5 3. f4 dxe4 4. Nxe4 g6 5. Nf3 Bg7 6. Bc4 Nf6 7. Nxf6+ Bxf6 8.
d4 O-O 9. O-O Bg4 10. c3 e6 11. Be3 Nd7 12. h3 Bxf3 13. Qxf3 h5 14. g4 hxg4 15.
hxg4 Nb6 16. Bb3 Nd5 17. Kg2 Nxe3+ 18. Qxe3 Qd6 19. Rad1 Rad8 20. Rh1 Kg7 21.
g5 Be7 22. Rh7+ 1-0

[Event "12. Lichtenberger Sommer"]
[Site "Berlin"]
[Date "2013.08.21"]
[Round "5.18"]
[White "Rohde, Wolfgang"]
[Black "Hertwig, Christopher"]
[Result "0-1"]
[WhiteElo "2171"]
[BlackElo "2052"]
[PlyCount "70"]
[EventDate "2013.??.??"]
[WhiteTeam "SC Friesen Lichtenberg e.V."]
[BlackTeam "SK König Tegel 1949 e.V."]

1. d4 Nf6 2. Nf3 g6 3. Nbd2 c5 4. dxc5 Na6 5. Nb3 Nxc5 6. Qd4 Nce4 7. Ng5 Nxg5
8. Bxg5 Bg7 9. O-O-O d6 10. f3 Be6 11. e4 h6 12. Be3 O-O 13. Qd2 Kh7 14. Kb1 d5
15. e5 Nd7 16. f4 f6 17. exf6 Nxf6 18. Bd3 Bf5 19. Bxf5 gxf5 20. Rhe1 e6 21.
Qe2 Qc7 22. h3 Ne4 23. g4 Rac8 24. Bd4 fxg4 25. Bxg7 Qxg7 26. Nd4 Qg6 27. Qb5
Rc7 28. f5 exf5 29. hxg4 fxg4 30. Qxd5 Re7 31. Re2 Qf7 32. Qb5 Nf2 33. Rxe7
Qxe7 34. Nf5 a6 35. Qd5 Qf7 0-1

[Event "12. Lichtenberger Sommer"]
[Site "Berlin"]
[Date "2013.08.21"]
[Round "5.19"]
[White "Sabrowski, Uwe"]
[Black "Niehaus, Frank"]
[Result "0-1"]
[WhiteElo "2114"]
[BlackElo "2208"]
[PlyCount "127"]
[EventDate "2013.??.??"]
[WhiteTeam "SC Friesen Lichtenberg e.V."]
[BlackTeam "SK König Tegel 1949 e.V."]

1. d4 Nf6 2. c4 c5 3. d5 e6 4. Nc3 exd5 5. cxd5 d6 6. e4 g6 7. Be2 Bg7 8. Nf3
O-O 9. O-O Re8 10. Nd2 a6 11. a4 Nbd7 12. Kh1 Rb8 13. f4 Qc7 14. Qc2 Nb6 15. a5
Na8 16. Ra3 Qe7 17. Nc4 Nxe4 18. Nxe4 Qxe4 19. Qxe4 Rxe4 20. Bd3 Rd4 21. Be3
Rxd5 22. Be4 Be6 23. Bxd5 Bxd5 24. b3 Rd8 25. Ra2 Nc7 26. Rc2 Nb5 27. Rd2 Nd4
28. Bxd4 Bxd4 29. Re2 Kf8 30. Rd1 Bc6 31. h3 Bb5 32. Rc2 Ke7 33. Kh2 Kd7 34.
Re1 Bf6 35. Rd1 Kc6 36. Ne3 d5 37. Ng4 Bg7 38. Ne5+ Bxe5 39. fxe5 d4 40. Kg3
Kd5 41. Kf4 Bd7 42. Rcd2 Bb5 43. b4 Kc6 44. bxc5 Kxc5 45. Rc1+ Kd5 46. Rcd1 Kc4
47. Rc1+ Kb4 48. Rc7 Bc6 49. Rxf7 Kc3 50. Rd1 Kc2 51. Ra1 Kb2 52. Rg1 Kc2 53.
Ra1 Kb2 54. Rg1 Kc2 55. e6 d3 56. e7 Rd4+ 57. Kg3 d2 58. Rf6 Re4 59. Rf2 Rxe7
60. Ra1 Bd5 61. Ra4 Re3+ 62. Kf4 Rd3 63. Ra1 Kc3 64. h4 0-1

[Event "12. Lichtenberger Sommer"]
[Site "Berlin"]
[Date "2013.08.21"]
[Round "5.20"]
[White "Steiner, Wolfram"]
[Black "Hermannsdörfer, Frank"]
[Result "1/2-1/2"]
[WhiteElo "1978"]
[BlackElo "2228"]
[PlyCount "126"]
[EventDate "2013.??.??"]
[WhiteTeam "SG Lasker Steglitz-Wilmersdorf"]
[BlackTeam "SV 1861 Liebschwitz"]

1. Nf3 d6 2. d4 Nf6 3. c4 Bf5 4. Nc3 g6 5. Qb3 b6 6. h3 Nc6 7. g4 Bd7 8. e4 Na5
9. Qd1 c5 10. d5 Bg7 11. Bf4 O-O 12. e5 Ne8 13. Bd3 dxe5 14. Nxe5 Nd6 15. Qe2
b5 16. O-O bxc4 17. Nxc4 Naxc4 18. Bxc4 Nxc4 19. Qxc4 Qb6 20. Rab1 Qb4 21. Qxb4
cxb4 22. Ne4 f5 23. Nc5 Bb5 24. Rfe1 fxg4 25. Ne6 Rf7 26. Nxg7 Kxg7 27. Be5+
Kh6 28. hxg4 Kg5 29. Rbd1 Bd7 30. Rd4 a5 31. f4+ Kxg4 32. Kf2 Kf5 33. Rg1 h6
34. Rh1 Rc8 35. Ke3 Rh7 36. d6 e6 37. Rd2 g5 38. Rf2 h5 39. Bd4 g4 40. Rfh2 Be8
41. d7 Rxd7 42. Rxh5+ Bxh5 43. Rxh5+ Kg6 44. Rg5+ Kh6 45. Rxg4 Rd5 46. Be5 a4
47. Rh4+ Kg6 48. Rg4+ Kh5 49. Rg5+ Kh6 50. Rg2 a3 51. bxa3 bxa3 52. Rh2+ Kg6
53. Rg2+ Kh5 54. Rh2+ Kg4 55. Rg2+ Kh3 56. Rg6 Rc6 57. Kf3 Kh2 58. Rh6+ Kg1 59.
Rg6+ Kf1 60. Rh6 Ke1 61. Ke3 Kd1 62. Ke4 Kc2 63. Rxe6 Rxe6 1/2-1/2

[Event "12. Lichtenberger Sommer"]
[Site "Berlin"]
[Date "2013.08.21"]
[Round "5.21"]
[White "Krefenstein, Sergej"]
[Black "Schmidt, Markus"]
[Result "0-1"]
[WhiteElo "2101"]
[BlackElo "2061"]
[PlyCount "82"]
[EventDate "2013.??.??"]
[WhiteTeam "TuS Makkabi Berlin e.V."]
[BlackTeam "SK Turm Bad Hersfeld"]

1. d4 Nf6 2. c4 g6 3. Nc3 Bg7 4. e4 d6 5. Be2 O-O 6. Bg5 Na6 7. Qd2 e5 8. d5
Qe8 9. f3 Nh5 10. g4 Nf4 11. O-O-O f5 12. h3 Bd7 13. Bh4 Nc5 14. exf5 gxf5 15.
Bf2 Na4 16. Nxa4 Bxa4 17. Rf1 Bd7 18. Bd1 c6 19. dxc6 Bxc6 20. Bc2 d5 21. Ne2
Nxe2+ 22. Qxe2 e4 23. fxe4 Qe5 24. Bb3 dxc4 25. Bxc4+ Kh8 26. Be1 Bh6+ 27. Kb1
Qxe4+ 28. Qd3 Qxd3+ 29. Bxd3 Bxh1 30. Rxh1 f4 31. Bb4 Rfe8 32. Bc5 b6 33. Bf2
Rad8 34. Kc2 Bg7 35. b3 Rc8+ 36. Kb1 Red8 37. Bf5 Rc3 38. Re1 Rxh3 39. g5 Rh2
40. Re2 f3 41. Rc2 Rd1+ 0-1